[Event "Quebec op"]
[Site "Montreal CAN"]
[Date "2012.07.21"]
[Round "1"]
[White "Hansen, Eric"]
[Black "Kraiouchkine, Nikita"]
[Result "1/2-1/2"]
[WhiteElo "2460"]
[BlackElo "2204"]
[PlyCount "250"]
[GameId "2160767909441906"]
[EventDate "2012.07.21"]
[EventType "swiss"]
[EventRounds "9"]
[EventCountry "CAN"]

1. e4 e5 2. Nf3 Nc6 3. Bb5 f5 4. d3 fxe4 5. dxe4 Nf6 6. O-O Bc5 7. Qd3 Nd4 8. Nxd4 Bxd4 9. Nd2 a6 10. Ba4 Qe7 11. Nf3 Ba7 12. Bb3 d6 13. Be3 Bxe3 14. Qxe3 Bg4 15. Nd2 Be6 16. Bxe6 Qxe6 17. Qb3 Qxb3 18. axb3 O-O-O 19. Rfe1 c6 20. b4 Rhe8 21. c3 Re6 22. Nc4 Rde8 23. Rad1 Kc7 24. f3 d5 25. exd5 cxd5 26. Ne3 Rd6 27. g4 Kc6 28. Re2 g6 29. h3 b5 30. Nc2 Rdd8 31. Rde1 Kd6 32. Rd2 Kc6 33. Kh2 Nd7 34. Ra1 Ra8 35. Rad1 Nb6 36. Re2 Na4 37. Na1 d4 38. cxd4 exd4 39. Rc2+ Kb7 40. Nb3 Rac8 41. Na5+ Kb8 42. Rxc8+ Kxc8 43. b3 Re2+ 44. Kg3 Nc3 45. Rxd4 g5 46. Rd6 Rc2 47. Rc6+ Kd7 48. Rc5 Ne2+ 49. Kf2 Rxc5 50. bxc5 Nf4 51. Ke3 Nxh3 52. Ke4 Nf2+ 53. Kf5 Nd3 54. c6+ Kc7 55. Kxg5 Ne5 56. f4 Nxc6 57. Nxc6 Kxc6 58. Kh6 a5 59. f5 a4 60. bxa4 bxa4 61. f6 a3 62. f7 a2 63. f8=Q a1=Q 64. Kxh7 Qg1 65. Qf5 Qh2+ 66. Kg6 Qb8 67. Qe6+ Kc5 68. g5 Kb4 69. Qe7+ Kb3 70. Kg7 Qg3 71. g6 Kc2 72. Qc5+ Kb1 73. Qf5+ Kc1 74. Qh5 Kb1 75. Kh7 Qd3 76. Qg4 Kc2 77. Qe6 Kb1 78. Qc6 Qh3+ 79. Kg8 Qb3+ 80. Kf8 Qa3+ 81. Ke8 Qe3+ 82. Kd7 Qd3+ 83. Qd6 Qf5+ 84. Qe6 Qd3+ 85. Ke7 Qa3+ 86. Kf6 Qc3+ 87. Qe5 Qc6+ 88. Kf5 Qf3+ 89. Qf4 Qd5+ 90. Qe5 Qf3+ 91. Ke6 Qc6+ 92. Qd6 Qc8+ 93. Ke7 Qb7+ 94. Kf8 Qf3+ 95. Kg8 Qb3+ 96. Kh8 Qh3+ 97. Kg7 Qc3+ 98. Qf6 Qc7+ 99. Kg8 Qc4+ 100. Kh8 Qc8+ 101. Kg7 Qd7+ 102. Kh6 Qh3+ 103. Kg5 Qg3+ 104. Kf5 Qf3+ 105. Ke5 Qc3+ 106. Ke6 Qc6+ 107. Kf7 Qc7+ 108. Qe7 Qc4+ 109. Kf8 Qc8+ 110. Qe8 Qc5+ 111. Kg8 Qc4+ 112. Qf7 Qc8+ 113. Kg7 Qc3+ 114. Kf8 Qc5+ 115. Ke8 Qe5+ 116. Kd7 Qb5+ 117. Kd6 Qb6+ 118. Kd5 Qb5+ 119. Kd4 Qb6+ 120. Kc3 Qe3+ 121. Kc4 Qe4+ 122. Kb3 Qd3+ 123. Kb4 Qd6+ 124. Kb5 Qe5+ 125. Ka6 Qd6+ 1/2-1/2

[Event "Quebec op"]
[Site "Montreal CAN"]
[Date "2012.07.21"]
[Round "1"]
[White "Kovalyov, Anton"]
[Black "Leveille, Francois"]
[Result "1-0"]
[WhiteElo "2614"]
[BlackElo "2301"]
[PlyCount "143"]
[GameId "2160767909441907"]
[EventDate "2012.07.21"]
[EventType "swiss"]
[EventRounds "9"]
[EventCountry "CAN"]
[SourceTitle "CBM 149 Extra"]
[Source "ChessBase"]
[SourceDate "2012.08.24"]
[SourceVersion "1"]
[SourceVersionDate "2012.08.24"]
[SourceQuality "1"]

1. c4 e6 2. Nc3 d5 3. d4 c5 4. cxd5 exd5 5. Nf3 Nc6 6. g3 Nf6 7. Bg2 Be7 8. O-O O-O 9. dxc5 Bxc5 10. Na4 Be7 11. Be3 Bg4 12. h3 Bxf3 13. Bxf3 Qd7 14. Bg2 d4 15. Bg5 Qf5 16. Bxf6 Qxf6 17. Rc1 Rad8 18. Qb3 d3 19. e3 d2 20. Rcd1 Na5 21. Qb5 Qa6 22. Qxa6 bxa6 23. Nc3 Bf6 24. Nd5 Bxb2 25. Rxd2 Ba3 26. Rfd1 Rb8 27. Bf1 Nc6 28. Bxa6 Rfd8 29. Bc4 Kf8 30. Kg2 Rb2 31. Rxb2 Bxb2 32. Rb1 Rb8 33. Bb3 Ba3 34. Rd1 Rd8 35. Rd3 Ne7 36. e4 Nxd5 37. Bxd5 Bc5 38. Rb3 Rd7 39. f4 Bb6 40. Rd3 Ke7 41. Kf3 Rc7 42. Bb3 Rc8 43. h4 Rd8 44. Bd5 Rc8 45. Kg4 Rc7 46. h5 Rc2 47. Bb3 Rc6 48. a4 Rc5 49. Bd5 Ba5 50. Rb3 Bb6 51. Kf3 Rc2 52. e5 Rf2+ 53. Kg4 Rc2 54. Rd3 Rc5 55. Bb7 Rc4 56. Ra3 Bc5 57. Ra2 Rc3 58. Bc6 Bb6 59. Bb5 Ba5 60. Ra1 Rc7 61. Rd1 Bb6 62. Kf5 Bf2 63. g4 Bb6 64. h6 g6+ 65. Ke4 f6 66. exf6+ Kxf6 67. g5+ Ke7 68. Rd5 Rc3 69. f5 gxf5+ 70. Rxf5 Rc5 71. Rxc5 Bxc5 72. g6 1-0

[Event "Quebec op"]
[Site "Montreal CAN"]
[Date "2012.07.21"]
[Round "1"]
[White "Le Duin, Thierry"]
[Black "Luksza, Arkadiusz"]
[Result "0-1"]
[WhiteElo "1938"]
[BlackElo "2143"]
[PlyCount "52"]
[GameId "2160767909441908"]
[EventDate "2012.07.21"]
[EventType "swiss"]
[EventRounds "9"]
[EventCountry "CAN"]
[SourceTitle "EXT 2022"]
[Source "ChessBase"]
[SourceDate "2021.10.06"]
[SourceVersion "1"]
[SourceVersionDate "2021.10.06"]
[SourceQuality "1"]

1. d4 e6 2. Nf3 d5 3. c3 f5 4. Bg5 Nf6 5. e3 Nbd7 6. Nbd2 Bd6 7. c4 c6 8. c5 Bc7 9. b4 O-O 10. Bd3 Qe8 11. Bxf6 Rxf6 12. g3 e5 13. Be2 f4 14. exf4 exf4 15. O-O fxg3 16. hxg3 Rh6 17. Re1 Nf6 18. Bf1 Qg6 19. Ne5 Bxe5 20. dxe5 Bg4 21. Nf3 Ne4 22. Bg2 Qh5 23. Re3 Rf8 24. Qd3 Bxf3 25. Rxf3 Rxf3 26. Qxf3 Qh2+ 0-1

[Event "Quebec op"]
[Site "Montreal CAN"]
[Date "2012.07.21"]
[Round "1"]
[White "Libersan, Thierry"]
[Black "Yu, Zong Yang"]
[Result "1-0"]
[WhiteElo "2153"]
[BlackElo "1943"]
[PlyCount "81"]
[GameId "2160767909441909"]
[EventDate "2012.07.21"]
[EventType "swiss"]
[EventRounds "9"]
[EventCountry "CAN"]
[SourceTitle "EXT 2022"]
[Source "ChessBase"]
[SourceDate "2021.10.06"]
[SourceVersion "1"]
[SourceVersionDate "2021.10.06"]
[SourceQuality "1"]

1. e4 c5 2. Nf3 d6 3. d4 cxd4 4. Qxd4 e6 5. Nc3 a6 6. Bg5 Nf6 7. O-O-O Nbd7 8. e5 dxe5 9. Nxe5 Be7 10. Qa4 Qc7 11. Bxf6 Bxf6 12. Nxd7 Bxd7 13. Rxd7 Qxd7 14. Bb5 axb5 15. Qxa8+ Bd8 16. Rd1 Qe7 17. Nxb5 O-O 18. f4 Qb4 19. Qxb7 Bf6 20. Nd6 Bxb2+ 21. Kb1 Rb8 22. Qxb4 Rxb4 23. c4 Ba3+ 24. Kc2 Rb2+ 25. Kc3 Rxg2 26. Nb5 Be7 27. a4 Rxh2 28. Rd7 g5 29. fxg5 Bxg5 30. c5 Bf4 31. c6 h5 32. c7 Bxc7 33. Rxc7 h4 34. Nd6 Rf2 35. Ne4 Rf1 36. Kd3 h3 37. Rc2 Rf3+ 38. Kd4 Ra3 39. Nc3 e5+ 40. Kc4 f5 41. Rc1 1-0

[Event "Quebec op"]
[Site "Montreal CAN"]
[Date "2012.07.21"]
[Round "1"]
[White "Malveau, Cedric"]
[Black "Gulko, Andrei"]
[Result "0-1"]
[WhiteElo "1951"]
[BlackElo "2157"]
[PlyCount "82"]
[GameId "2160767909441910"]
[EventDate "2012.07.21"]
[EventType "swiss"]
[EventRounds "9"]
[EventCountry "CAN"]
[SourceTitle "EXT 2022"]
[Source "ChessBase"]
[SourceDate "2021.10.06"]
[SourceVersion "1"]
[SourceVersionDate "2021.10.06"]
[SourceQuality "1"]

1. e4 e5 2. Nf3 Nf6 3. d4 Nxe4 4. Bd3 d5 5. Nxe5 Bd6 6. c4 Bb4+ 7. Nd2 O-O 8. O-O Nxd2 9. Bxd2 Bxd2 10. Qxd2 dxc4 11. Bxc4 Nd7 12. Rfe1 Nb6 13. Bb3 c6 14. Re2 Nd5 15. Rae1 Be6 16. Nd3 Nc7 17. Nc5 Bxb3 18. Nxb3 Qd6 19. Qg5 Ne6 20. Qe5 Rad8 21. Rd2 Qb4 22. d5 Rxd5 23. Rxd5 cxd5 24. Rd1 Rd8 25. g3 Qe4 26. Qxe4 dxe4 27. Re1 f5 28. f3 Ng5 29. Kf2 Nxf3 30. Rc1 Rd7 31. Rc5 g6 32. h3 b6 33. Rc2 Kf7 34. g4 f4 35. Rc4 Re7 36. Nc1 g5 37. Ne2 Nd2 38. Rc6 e3+ 39. Ke1 Nf3+ 40. Kf1 Nd2+ 41. Ke1 Rd7 0-1

[Event "Quebec op"]
[Site "Montreal CAN"]
[Date "2012.07.21"]
[Round "1"]
[White "Nardone, Raul"]
[Black "Plante, Michel"]
[Result "0-1"]
[WhiteElo "1870"]
[BlackElo "2084"]
[PlyCount "122"]
[GameId "2160767909441911"]
[EventDate "2012.07.21"]
[EventType "swiss"]
[EventRounds "9"]
[EventCountry "CAN"]
[SourceTitle "EXT 2022"]
[Source "ChessBase"]
[SourceDate "2021.10.06"]
[SourceVersion "1"]
[SourceVersionDate "2021.10.06"]
[SourceQuality "1"]

1. e4 d6 2. d4 Nf6 3. Bd3 e5 4. c3 d5 5. Qe2 dxe4 6. Bxe4 Be7 7. Nf3 Nxe4 8. Qxe4 exd4 9. cxd4 O-O 10. O-O Bf6 11. Nc3 Nc6 12. Be3 Re8 13. Qf4 Nb4 14. Ne4 Nd5 15. Nxf6+ Qxf6 16. Qxf6 Nxf6 17. Rfe1 Be6 18. Ne5 Nd5 19. Bd2 a5 20. a3 b6 21. h3 Bf5 22. g4 Bc2 23. Rac1 Bb3 24. Nd3 h6 25. Nf4 Rxe1+ 26. Rxe1 Nf6 27. Re3 Bd5 28. Nxd5 Nxd5 29. Re2 f6 30. Kg2 Kf7 31. Kg3 Rd8 32. f4 f5 33. Re5 Ne7 34. Be3 g6 35. gxf5 Nxf5+ 36. Kf3 Nxd4+ 37. Ke4 Nc6 38. Rd5 Re8+ 39. Kd3 Ke6 40. Rb5 Rd8+ 41. Ke4 Ne7 42. Bd4 Nf5 43. Re5+ Kf7 44. Bc3 Nd6+ 45. Kf3 Nc4 46. Re2 Rd3+ 47. Ke4 Rxh3 48. Kd5 Nxa3 49. Kc6 h5 50. Be5 Nc4 51. Bxc7 Rb3 52. Rc2 b5 53. Re2 a4 54. Kd7 Rxb2 55. Re7+ Kg8 56. Re8+ Kh7 57. Bd8 Rd2+ 58. Kc6 a3 59. Bg5 a2 60. Ra8 b4 61. Kb5 Na3+ 0-1

[Event "Quebec op"]
[Site "Montreal CAN"]
[Date "2012.07.21"]
[Round "1"]
[White "Oliva Castaneda, Kevel"]
[Black "Sumets, Andrey"]
[Result "1/2-1/2"]
[WhiteElo "2320"]
[BlackElo "2618"]
[PlyCount "27"]
[GameId "2160767909441912"]
[EventDate "2012.07.21"]
[EventType "swiss"]
[EventRounds "9"]
[EventCountry "CAN"]
[SourceTitle "CBM 149 Extra"]
[Source "ChessBase"]
[SourceDate "2012.08.24"]
[SourceVersion "1"]
[SourceVersionDate "2012.08.24"]
[SourceQuality "1"]

1. Nf3 d5 2. d4 Nf6 3. c4 e6 4. Nc3 Bb4 5. cxd5 exd5 6. Bg5 O-O 7. e3 c5 8. Qc2 h6 9. Bh4 cxd4 10. Nxd4 Nc6 11. Be2 Nxd4 12. exd4 Be7 13. O-O Be6 14. Qb3 1/2-1/2

[Event "Quebec op"]
[Site "Montreal CAN"]
[Date "2012.07.21"]
[Round "1"]
[White "Panjwani, Raja"]
[Black "Bruzon Batista, Lazaro"]
[Result "0-1"]
[WhiteElo "2416"]
[BlackElo "2711"]
[PlyCount "86"]
[GameId "2160767909441913"]
[EventDate "2012.07.21"]
[EventType "swiss"]
[EventRounds "9"]
[EventCountry "CAN"]

1. c4 c5 2. Nc3 Nc6 3. g3 g6 4. Bg2 Bg7 5. e3 Bxc3 6. bxc3 b6 7. d3 Bb7 8. e4 d6 9. Nh3 Qd7 10. Nf4 O-O-O 11. O-O Kb8 12. a4 Na5 13. Re1 e6 14. Rb1 Ne7 15. Ne2 h6 16. Bd2 e5 17. Nc1 Ka8 18. Qc2 g5 19. h3 Rhf8 20. Rb5 Bc6 21. Qa2 Rb8 22. Kh2 f5 23. exf5 Bxg2 24. Kxg2 Qxf5 25. Be3 Nec6 26. Kh2 Rbe8 27. Rd1 e4 28. d4 Qf7 29. dxc5 dxc5 30. Rd5 Rd8 31. Qc2 Rxd5 32. cxd5 Qxd5 33. Nb3 Nxb3 34. Rxb3 Qc4 35. Rb1 Rd8 36. Rd1 Rd3 37. Qe2 Ne5 38. Rxd3 exd3 39. Qh5 Qe4 40. g4 Nf3+ 41. Kg3 Nh4 42. Bxg5 Qf3+ 43. Kxh4 Qxf2# 0-1

[Event "Quebec op"]
[Site "Montreal CAN"]
[Date "2012.07.21"]
[Round "1"]
[White "Perez Garcia, Rodney Oscar"]
[Black "Greeff, Melissa"]
[Result "1-0"]
[WhiteElo "2412"]
[BlackElo "2091"]
[PlyCount "83"]
[GameId "2160767909441914"]
[EventDate "2012.07.21"]
[EventType "swiss"]
[EventRounds "9"]
[EventCountry "CAN"]
[SourceTitle "CBM 149 Extra"]
[Source "ChessBase"]
[SourceDate "2012.08.24"]
[SourceVersion "1"]
[SourceVersionDate "2012.08.24"]
[SourceQuality "1"]

1. e4 c5 2. Nf3 e6 3. c3 Nf6 4. e5 Nd5 5. d4 cxd4 6. Qxd4 Nc6 7. Qe4 d6 8. Nbd2 dxe5 9. Nxe5 Nxe5 10. Qxe5 Bd7 11. Nf3 Be7 12. Qxg7 Bf6 13. Qg3 Nxc3 14. Nd2 Nd5 15. Ne4 Be7 16. Bd2 Bc6 17. Rc1 Nf6 18. Nxf6+ Bxf6 19. Be2 h5 20. Bc3 h4 21. Qh3 Rg8 22. Bf3 Rc8 23. Bxf6 Qxf6 24. O-O Qxb2 25. Qxh4 Qg7 26. g3 Rh8 27. Qb4 Qh6 28. h4 Qf6 29. Bxc6+ bxc6 30. Qb7 Rd8 31. Rfd1 Kf8 32. Rxd8+ Qxd8 33. Qxa7 Qd2 34. Rxc6 Qe1+ 35. Kh2 Rxh4+ 36. gxh4 Qe5+ 37. Kg1 Qe1+ 38. Kh2 Qe5+ 39. Kh3 Qf5+ 40. Kg3 Qe5+ 41. f4 Qe1+ 42. Qf2 1-0

[Event "Quebec op"]
[Site "Montreal CAN"]
[Date "2012.07.21"]
[Round "1"]
[White "Piasetski, Leon"]
[Black "Sambuev, Bator"]
[Result "1-0"]
[WhiteElo "2290"]
[BlackElo "2542"]
[PlyCount "121"]
[GameId "2160767909441915"]
[EventDate "2012.07.21"]
[EventType "swiss"]
[EventRounds "9"]
[EventCountry "CAN"]
[SourceTitle "CBM 149 Extra"]
[Source "ChessBase"]
[SourceDate "2012.08.24"]
[SourceVersion "1"]
[SourceVersionDate "2012.08.24"]
[SourceQuality "1"]

1. c4 c5 2. Nf3 Nc6 3. Nc3 e5 4. e3 Nf6 5. Be2 d6 6. O-O Be7 7. d4 O-O 8. d5 Nb8 9. e4 Ne8 10. a3 g6 11. Bh6 Ng7 12. Qd2 f5 13. exf5 gxf5 14. Ng5 f4 15. Nce4 Bf5 16. f3 Qe8 17. Bxg7 Kxg7 18. Ne6+ Bxe6 19. dxe6 Qh5 20. b4 cxb4 21. axb4 Nc6 22. Qd5 Kh8 23. Rfd1 Rg8 24. Nxd6 Bxd6 25. Qxd6 Rad8 26. Qc7 Nd4 27. Kh1 Rde8 28. Rxd4 Qg5 29. Bf1 exd4 30. Re1 Rg7 31. Qd6 Rd8 32. c5 Qe7 33. Qxf4 d3 34. Qd2 Qg5 35. f4 Qd5 36. Re3 Qf5 37. g3 Re7 38. Qc3+ Kg8 39. Re5 Qg4 40. Rg5+ Qxg5 41. fxg5 d2 42. Be2 d1=Q+ 43. Bxd1 Rxd1+ 44. Kg2 Rxe6 45. Qc4 Kf7 46. b5 Rd8 47. h4 a6 48. c6 bxc6 49. bxa6 Ra8 50. Qd3 Ree8 51. Qxh7+ Ke6 52. Qd3 c5 53. h5 Rec8 54. Qc4+ Kf5 55. Qf4+ Ke6 56. Qe4+ Kd6 57. Qc4 Ke5 58. g6 Kf6 59. Qf4+ Ke6 60. g7 c4 61. h6 1-0

[Event "Quebec op"]
[Site "Montreal CAN"]
[Date "2012.07.21"]
[Round "1"]
[White "Prahov, Valentin"]
[Black "Naroditsky, Daniel"]
[Result "0-1"]
[WhiteElo "2209"]
[BlackElo "2486"]
[PlyCount "124"]
[GameId "2160767909441916"]
[EventDate "2012.07.21"]
[EventType "swiss"]
[EventRounds "9"]
[EventCountry "CAN"]
[SourceTitle "CBM 149 Extra"]
[Source "ChessBase"]
[SourceDate "2012.08.24"]
[SourceVersion "1"]
[SourceVersionDate "2012.08.24"]
[SourceQuality "1"]

1. e4 c5 2. d4 cxd4 3. c3 d3 4. Bxd3 Nc6 5. Nf3 g6 6. O-O Bg7 7. Be3 Nf6 8. h3 O-O 9. Nbd2 d5 10. Qe2 dxe4 11. Nxe4 Nd5 12. Rad1 Nxe3 13. Qxe3 Qc7 14. Rfe1 b6 15. Rd2 Bb7 16. Red1 Na5 17. a3 Nb3 18. Re2 Rad8 19. Bc2 Rxd1+ 20. Bxd1 Na5 21. Ned2 e6 22. Bb3 Nxb3 23. Nxb3 Bd5 24. Nbd4 a6 25. Re1 e5 26. Nc2 e4 27. Nfd4 Be5 28. g3 Qd7 29. Kh2 f5 30. f4 Bc7 31. Rd1 Bc4 32. Rd2 Qf7 33. Ne1 Qf6 34. b3 Bf7 35. c4 Bd6 36. Nec2 Bc5 37. Qc3 Rd8 38. Ne2 Rxd2 39. Qxd2 Qb2 40. Qc3 Qb1 41. b4 Qd1 42. Ncd4 Bxd4 43. Nxd4 Qf1 44. Qe3 Qxc4 45. g4 Qd3 46. Qxd3 exd3 47. Nf3 fxg4 48. hxg4 h5 49. gxh5 gxh5 50. Kg3 Bd5 51. Nd2 Kf7 52. Kf2 Kf6 53. Ke3 Kf5 54. a4 h4 55. a5 b5 56. Kxd3 Kxf4 57. Kd4 Bg2 58. Kc5 h3 59. Kb6 h2 60. Kxa6 h1=Q 61. Kxb5 Qd1 62. Nc4 Qd5+ 0-1

[Event "Quebec op"]
[Site "Montreal CAN"]
[Date "2012.07.21"]
[Round "1"]
[White "Qin, Zi Yi (Joey)"]
[Black "Noritsyn, Nikolay"]
[Result "0-1"]
[WhiteElo "2198"]
[BlackElo "2460"]
[PlyCount "134"]
[GameId "2160767909441917"]
[EventDate "2012.07.21"]
[EventType "swiss"]
[EventRounds "9"]
[EventCountry "CAN"]

1. e4 c5 2. Nf3 e6 3. d4 cxd4 4. Nxd4 a6 5. Nc3 b5 6. Be2 Bb7 7. Bf3 b4 8. Nce2 Ne7 9. O-O Ng6 10. g3 Be7 11. Bg2 O-O 12. f4 Nc6 13. Be3 Nxd4 14. Nxd4 Rc8 15. Rf2 Rc4 16. Rd2 Qa8 17. Bf1 Rc7 18. e5 Rfc8 19. Bd3 Bc5 20. Bf2 Ne7 21. Nb3 Bxf2+ 22. Rxf2 Qa7 23. Qd2 Qb6 24. Re1 g6 25. Qe3 Qc6 26. Be4 Qxe4 27. Qxe4 Bxe4 28. Rxe4 Rxc2 29. Rxc2 Rxc2 30. Rxb4 Rxb2 31. Ra4 g5 32. Nc5 gxf4 33. gxf4 Nd5 34. Nxd7 Kg7 35. Rxa6 Nxf4 36. Ra4 Ng6 37. a3 Rd2 38. Ra7 Rd5 39. Nf6 Rd1+ 40. Kg2 Nxe5 41. Ne4 Rd4 42. Nf2 Nd3 43. Nh3 Kg6 44. Ra8 Kf6 45. a4 Nf4+ 46. Nxf4 Rxf4 47. a5 Ra4 48. a6 Kf5 49. a7 f6 50. Kg3 h5 51. Kg2 h4 52. Kh3 e5 53. Kg2 Ra3 54. Rh8 Rxa7 55. Rxh4 Ra2+ 56. Kg3 Ra3+ 57. Kf2 e4 58. Rh8 Kf4 59. Rh4+ Ke5 60. Rh8 f5 61. Re8+ Kf4 62. Rh8 Ra2+ 63. Ke1 e3 64. Rh4+ Kf3 65. Rh3+ Ke4 66. Rh8 f4 67. Rh4 Kd3 0-1

[Event "Quebec op"]
[Site "Montreal CAN"]
[Date "2012.07.21"]
[Round "1"]
[White "So, Wesley"]
[Black "Jiang, Louie"]
[Result "1-0"]
[WhiteElo "2650"]
[BlackElo "2337"]
[PlyCount "53"]
[GameId "2160767909441918"]
[EventDate "2012.07.21"]
[EventType "swiss"]
[EventRounds "9"]
[EventCountry "CAN"]
[SourceTitle "CBM 149 Extra"]
[Source "ChessBase"]
[SourceDate "2012.08.24"]
[SourceVersion "1"]
[SourceVersionDate "2012.08.24"]
[SourceQuality "1"]

1. e4 c5 2. Nf3 a6 3. Nc3 b5 4. d4 e6 5. d5 Bb7 6. Be2 Nf6 7. Bg5 h6 8. Bxf6 Qxf6 9. O-O e5 10. a4 b4 11. Nb1 a5 12. Nbd2 Be7 13. Nc4 d6 14. g3 Nd7 15. Nfd2 h5 16. f4 exf4 17. gxf4 Ba6 18. Kh1 Qh6 19. Ne3 g6 20. Bxa6 Rxa6 21. Qe2 Ra7 22. e5 O-O 23. Nec4 dxe5 24. fxe5 Bg5 25. Ne4 Rd8 26. Qf2 Nf8 27. h4 1-0

[Event "Quebec op"]
[Site "Montreal CAN"]
[Date "2012.07.21"]
[Round "1"]
[White "Tessier, Olivier"]
[Black "Boudreau, Daniel"]
[Result "1-0"]
[WhiteElo "2194"]
[BlackElo "1956"]
[PlyCount "105"]
[GameId "2160767909441919"]
[EventDate "2012.07.21"]
[EventType "swiss"]
[EventRounds "9"]
[EventCountry "CAN"]
[SourceTitle "EXT 2022"]
[Source "ChessBase"]
[SourceDate "2021.10.06"]
[SourceVersion "1"]
[SourceVersionDate "2021.10.06"]
[SourceQuality "1"]

1. d4 Nf6 2. Nc3 d5 3. e4 dxe4 4. f3 c5 5. d5 exf3 6. Nxf3 g6 7. Be3 Bg7 8. Bb5+ Bd7 9. Qe2 O-O 10. Bc4 b5 11. Bxb5 Nxd5 12. Nxd5 Bxb5 13. c4 Qxd5 14. cxb5 c4 15. a4 c3 16. Rd1 Qb3 17. bxc3 Bxc3+ 18. Kf2 Qxa4 19. Bh6 Bg7 20. Bxg7 Kxg7 21. Qe5+ Kg8 22. Qd5 Na6 23. bxa6 Qxa6 24. Ra1 Qf6 25. Qd4 Qf5 26. Rhc1 Rfd8 27. Qe5 Qxe5 28. Nxe5 f6 29. Nc6 Rd7 30. Ra6 Kf7 31. Rc2 Rb7 32. Rca2 Rc7 33. Rxa7 Raxa7 34. Nxa7 e5 35. Nb5 Rc5 36. Ra7+ Ke6 37. Nc7+ Kf5 38. Ne8 Rc2+ 39. Kg3 Rc3+ 40. Kh4 h5 41. Ra6 Rc4+ 42. Kh3 Rc3+ 43. g3 g5 44. Rxf6+ Ke4 45. Ng7 h4 46. Ne6 hxg3 47. hxg3 Kd3 48. Rf3+ Kc4 49. Rxc3+ Kxc3 50. Nxg5 Kd4 51. Kg4 e4 52. Kf4 e3 53. Nf3+ 1-0

[Event "Quebec op"]
[Site "Montreal CAN"]
[Date "2012.07.21"]
[Round "1"]
[White "Thavandiran, Shiyam"]
[Black "Rozentalis, Eduardas"]
[Result "1/2-1/2"]
[WhiteElo "2301"]
[BlackElo "2600"]
[PlyCount "68"]
[GameId "2160767909441920"]
[EventDate "2012.07.21"]
[EventType "swiss"]
[EventRounds "9"]
[EventCountry "CAN"]
[SourceTitle "CBM 149 Extra"]
[Source "ChessBase"]
[SourceDate "2012.08.24"]
[SourceVersion "1"]
[SourceVersionDate "2012.08.24"]
[SourceQuality "1"]

1. e4 c6 2. d4 d5 3. Nc3 g6 4. Nf3 Bg4 5. h3 Bxf3 6. Qxf3 dxe4 7. Nxe4 Bg7 8. Bc4 Nf6 9. Nxf6+ Bxf6 10. Qb3 O-O 11. Qxb7 Bxd4 12. O-O Nd7 13. c3 Ne5 14. Bxf7+ Kxf7 15. Qb3+ Qd5 16. cxd4 Qxb3 17. axb3 Nd3 18. Rd1 Nxc1 19. Rdxc1 Rfb8 20. Rc3 Rb4 21. Ra4 Rab8 22. Rxa7 Rxb3 23. Rxc6 Rxb2 24. d5 R8b7 25. Ra4 Rd2 26. Rf4+ Kg7 27. Rc5 Rd7 28. Re4 Kf7 29. Rf4+ Kg7 30. Re4 Kf7 31. Re5 Kf6 32. Re6+ Kf7 33. Re5 Kf6 34. Re6+ Kf7 1/2-1/2

[Event "Quebec op"]
[Site "Montreal CAN"]
[Date "2012.07.21"]
[Round "1"]
[White "Tomb, Maroun"]
[Black "Desjardins, Michel"]
[Result "1-0"]
[WhiteElo "2087"]
[BlackElo "1880"]
[PlyCount "117"]
[GameId "2160767909441921"]
[EventDate "2012.07.21"]
[EventType "swiss"]
[EventRounds "9"]
[EventCountry "CAN"]
[SourceTitle "EXT 2022"]
[Source "ChessBase"]
[SourceDate "2021.10.06"]
[SourceVersion "1"]
[SourceVersionDate "2021.10.06"]
[SourceQuality "1"]

1. e4 d5 2. exd5 Qxd5 3. Nc3 Qd6 4. Bc4 Nf6 5. Nge2 a6 6. d4 b5 7. Bd3 Bb7 8. Bf4 Qb6 9. O-O e6 10. Ng3 Nbd7 11. Re1 Bd6 12. Be3 c5 13. dxc5 Bxc5 14. Nce4 Bxe3 15. Rxe3 Nd5 16. Re1 Qc6 17. c4 bxc4 18. Rc1 c3 19. Qg4 N7f6 20. Qxg7 Rg8 21. Qh6 Rg6 22. Qh4 Rg4 23. Nxf6+ Nxf6 24. Qh3 Rh4 25. Be4 Nxe4 26. Qxh4 Nxf2 27. Ne4 Nxe4 28. bxc3 Nd2 29. Re2 Nc4 30. Qxh7 O-O-O 31. Qxf7 Kb8 32. Qxe6 Qc5+ 33. Kh1 Rh8 34. Rb1 Ka8 35. Rb4 Nd6 36. Qe5 Qxe5 37. Rxe5 Rc8 38. Re3 Nb5 39. c4 Nd6 40. Rc3 Ne4 41. Rcb3 Nc5 42. Rb2 Bc6 43. Re2 Rd8 44. h3 Rg8 45. Kh2 Nd3 46. Rb6 Bb7 47. g4 Rh8 48. Re7 Nc5 49. g5 Bc8 50. Rh6 Rd8 51. g6 Rd2+ 52. Kg3 Rd3+ 53. Kf4 Ne6+ 54. Ke5 Re3+ 55. Kd6 Rd3+ 56. Kc6 Nd4+ 57. Kb6 Nf5 58. Re8 Rd6+ 59. Kc7 1-0

[Event "Quebec op"]
[Site "Montreal CAN"]
[Date "2012.07.21"]
[Round "1"]
[White "Trottier, Emile"]
[Black "Rondon, Luciano"]
[Result "1/2-1/2"]
[WhiteElo "2066"]
[BlackElo "1844"]
[PlyCount "108"]
[GameId "2160767909441922"]
[EventDate "2012.07.21"]
[EventType "swiss"]
[EventRounds "9"]
[EventCountry "CAN"]
[SourceTitle "EXT 2022"]
[Source "ChessBase"]
[SourceDate "2021.10.06"]
[SourceVersion "1"]
[SourceVersionDate "2021.10.06"]
[SourceQuality "1"]

1. e4 c5 2. c3 d5 3. exd5 Qxd5 4. d4 Nc6 5. Nf3 Bg4 6. Be2 cxd4 7. cxd4 e6 8. O-O Nf6 9. Nc3 Qd8 10. Be3 Be7 11. Qb3 Qb6 12. Qxb6 axb6 13. h3 Bh5 14. g4 Bg6 15. Ne5 O-O 16. Bf3 Nxe5 17. dxe5 Nd7 18. Bxb7 Rab8 19. Ba6 Nxe5 20. Be2 Bd3 21. Bf4 Bxe2 22. Nxe2 Nf3+ 23. Kg2 Nh4+ 24. Kg3 Rbc8 25. Rac1 Ng6 26. Be3 Bc5 27. Bxc5 Rxc5 28. Rxc5 bxc5 29. Rc1 Rc8 30. b4 c4 31. b5 Ne5 32. a4 Nd3 33. Rb1 Nc5 34. a5 Kf8 35. b6 Rb8 36. Nc3 Nb3 37. a6 Rxb6 38. a7 Ra6 39. Nb5 Ke7 40. Rd1 c3 41. Rd6 Rxa7 42. Rc6 Ra5 43. Nxc3 Rc5 44. Rxc5 Nxc5 45. f4 f6 46. Kf3 e5 47. Ke3 g5 48. fxg5 fxg5 49. Nd5+ Ke6 50. Nc7+ Kf7 51. Nd5 Ne6 52. Ke4 Nf4 53. Kxe5 Nxh3 54. Kf5 h6 1/2-1/2

[Event "Quebec op"]
[Site "Montreal CAN"]
[Date "2012.07.21"]
[Round "1"]
[White "Vera, Reynaldo"]
[Black "Masse, Hugues"]
[Result "1/2-1/2"]
[WhiteElo "2489"]
[BlackElo "2232"]
[PlyCount "69"]
[GameId "2160767909441923"]
[EventDate "2012.07.21"]
[EventType "swiss"]
[EventRounds "9"]
[EventCountry "CAN"]
[SourceTitle "CBM 149 Extra"]
[Source "ChessBase"]
[SourceDate "2012.08.24"]
[SourceVersion "1"]
[SourceVersionDate "2012.08.24"]
[SourceQuality "1"]

1. d4 Nf6 2. c4 g6 3. Nc3 d5 4. cxd5 Nxd5 5. Bd2 Bg7 6. e4 Nxc3 7. Bxc3 O-O 8. Bc4 c5 9. d5 e6 10. Ne2 exd5 11. Bxd5 Nd7 12. Bxg7 Kxg7 13. Rc1 Qb6 14. Qd2 Nf6 15. O-O Be6 16. Nf4 Bxd5 17. Nxd5 Nxd5 18. exd5 Rfd8 19. Qc3+ Kg8 20. Rfd1 Rac8 21. g3 Qd6 22. Qc4 Rc7 23. Rc2 b6 24. Re2 Re7 25. Rxe7 Qxe7 26. a4 Qe5 27. b3 Kg7 28. a5 Rd6 29. Kg2 Qf5 30. Rd2 Qe5 31. h4 h5 32. Rd1 Kg8 33. Rd2 Kg7 34. Rd1 Kg8 35. Rd2 1/2-1/2